Mozambique : EIU country profile 2005.
| Format: | Book |
|---|---|
| Published: |
[London]:
The Economist Intelligence Unit,
2005.
|
| Subjects: |
| LEADER | 00546cam a2200157 7i4500 | ||
|---|---|---|---|
| 001 | 0000016350 | ||
| 005 | 20051024090000.0 | ||
| 090 | 0 | 0 | |a MOZB 330.9 |b MOZ |
| 245 | 0 | 0 | |a Mozambique : |b EIU country profile 2005. |
| 260 | 0 | 0 | |a [London]: |b The Economist Intelligence Unit, |c 2005. |
| 300 | # | # | |a 75 p. |
| 650 | 0 | 0 | |a Mozambique -- |x Country profile |
| 651 | 0 | 0 | |a Mozambique |
| 999 | |a SBH000281B |b Book |c Countries |e MATRADE Sabah | ||
| 999 | |a PNG000289B |b Book |c Countries |e MATRADE Northern Regional Office | ||
| 999 | |a B000017429 |b Book |c Countries |e Business Information Centre | ||